[Event "Stay Safe Play From Home 236"]
[Site "Emanuel Lasker Arena"]
[Date "2020.06.18"]
[Round "6"]
[White "Mepe_Nika"]
[Black "SoulofWolf"]
[Result "1-0"]
[WhiteElo "2328"]
[BlackElo "2176"]
[Annotator "TA"]
[PlyCount "55"]
[EventDate "2020.06.18"]
[EventType "swiss (blitz)"]

{[%evp 9,55,37,65,63,58,48,60,45,48,-16,51,52,52,62,65,54,171,86,243,233,1004,991,993,944,1069,1029,1266,1219,1196,1192,1240,1237,1384,1314,1443,1485,1629,1612,2144,2069,1852,1784,2505,2427,2479,2210,29997,29998]} 1. d4 c6 2. Bf4 d5 3. e3 g6 4. c4 Bg7 5. Nc3 e6 6. Nf3 {D00: 1 d4 d5: Unusual lines.} Nd7 7. h3 Ne7 8. Qc2 {White is slightly better.} O-O {[#]} 9. c5 $146 ({White should play} 9. Be2 $14) ({Predecessor:} 9. Rd1 Re8 10. e4 f6 11. Be2 e5 12. dxe5 fxe5 13. Bg3 d4 14. Nb1 c5 15. O-O {0-1 (33) Losev,A (2039)-Derzhavin,D (1829) Perm 2010}) 9... a5 (9... Re8 $11) 10. Bd3 $14 b6 11. cxb6 Qxb6 12. O-O Nf5 {[#]} (12... Ba6 $14) 13. Rfc1 (13. Na4 $1 $18 {[%cal Ra4b6]} Qb7 14. Rfc1) 13... h5 $2 {This costs Black the game.} (13... Bb7 $16 {was called for.}) 14. Na4 $18 Qb8 $2 (14... Qd8 15. Qxc6 Ra7 16. Bxf5 exf5 17. Qxd5 Ne5 18. Qxd8 Nxf3+ 19. gxf3 Rxd8) 15. Bxb8 Nxb8 16. Bxf5 gxf5 17. Ne5 c5 18. Nxc5 Ra7 19. a3 Rc7 20. b4 f6 21. Ned3 Re8 22. Nf4 Nc6 23. Qa4 Ree7 24. Ncxe6 Bxe6 25. Rxc6 Rxc6 26. Qxc6 {[%mdl 64] [#] Double Attack} Bd7 27. Qxd5+ Kf8 28. Ng6+ {[%mdl 64] Double Attack. Accuracy: White = 67%, Black = 35%.} 1-0

[Event "Stay Safe Play From Home 236"]
[Site "Emanuel Lasker Arena"]
[Date "2020.06.18"]
[Round "6"]
[White "BrainThinker22"]
[Black "Bardellosport"]
[Result "1-0"]
[WhiteElo "2293"]
[BlackElo "2059"]
[Annotator "NA RC"]
[PlyCount "39"]
[EventDate "2020.06.18"]
[EventType "swiss (blitz)"]

1. e4 {[%emt 0:00:01]} d6 {[%emt 0:00:01]} 2. Nc3 {[%emt 0:00:00]} g6 {[%emt 0:00:00]} 3. g3 {[%emt 0:00:00]} Bg7 {[%emt 0:00:00]} 4. Bg2 {[%emt 0:00:01]} Nd7 {[%emt 0:00:00]} 5. d3 {[%emt 0:00:00]} e5 {[%emt 0:00:00]} 6. Be3 {[%emt 0:00:01]} Ne7 {[%emt 0:00:00]} 7. Qd2 {[%emt 0:00:00]} O-O {[%emt 0:00:00]} 8. Bh6 {[%emt 0:00:00]} f5 {[%emt 0:00:01]} 9. h4 {[%emt 0:00:01]} f4 {[%emt 0:00:01]} 10. Bxg7 {[%emt 0:00:01]} Kxg7 {[%emt 0:00:01]} 11. gxf4 {[%emt 0:00:00]} exf4 {[%emt 0:00:00]} 12. Nh3 {[%emt 0:00:01]} Ne5 {[%emt 0:00:01]} 13. Nxf4 {[%emt 0:00:01]} Bg4 {[%emt 0:00:03]} 14. d4 {[%emt 0:00:02]} Nf3+ {[%emt 0:00:02]} 15. Bxf3 {[%emt 0:00:01]} Bxf3 {[%emt 0:00:00]} 16. Ne6+ {[%emt 0:00:00]} Kh8 {[%emt 0:00:03]} 17. Nxd8 {[%emt 0:00:01]} Bxh1 {[%emt 0:00:01]} 18. Ne6 {[%emt 0:00:01]} Rfe8 {[%emt 0:00:02]} 19. Qg5 {[%emt 0:00:02]} Rac8 {[%emt 0:00:01]} 20. Qf6+ {[%emt 0:00:01] Bardellosport abbandona (Lag: Av=0.56s, max=5.1s)} 1-0

[Event "Stay Safe Play From Home 236"]
[Site "Emanuel Lasker Arena"]
[Date "2020.06.18"]
[Round "6"]
[White "Lamborghini"]
[Black "Broken sword"]
[Result "1-0"]
[WhiteElo "2285"]
[BlackElo "2434"]
[Annotator "TA"]
[PlyCount "147"]
[EventDate "2020.06.18"]
[EventType "swiss (blitz)"]

{[%evp 9,147,-25,-28,-41,-31,-35,-23,-31,-28,-39,-34,-38,-41,-40,-40,-58,-31,-68,-36,-31,-14,-38,-31,-47,-39,-110,-21,-30,0,0,10,-22,9,0,0,0,42,-22,47,0,0,-5,39,8,8,0,0,0,42,7,0,0,18,0,0,0,0,0,0,0,243,49,51,50,42,-448,0,-18,60,62,343,343,336,325,1022,1035,867,573,568,568,439,345,342,322,323,312,327,251,593,610,604,594,530,490,490,480,453,-358,534,524,588,515,505,506,580,-683,-666,-651,-629,-1969,-1883,-29970,-29971,-29971,-5014,-29960,-5010,-12805,-12798,-29983,-29984,-29989,-29990,-29990,-29991,-29992,-29990,-29990,-29990,-29991,-29991,-29991,-29992,-29994,-29994,-29994,-29995,-29996,-29997,-29998]} 1. e4 e6 2. Nf3 d5 3. Nc3 d4 4. Ne2 c5 5. d3 Nc6 6. g3 {C00: French: Unusual White 2nd moves.} e5 7. Bg2 f6 8. O-O {Black has an edge.} Be6 9. Ne1 Bd6 10. f4 Nge7 {[#]} 11. f5 $146 ({Predecessor:} 11. h3 Qd7 12. Kh2 O-O 13. c3 Rad8 14. Bd2 Bc7 15. a3 dxc3 16. bxc3 c4 17. Rf3 {0-1 (32) Moccero,E (2205)-Minzer,C (2315) Buenos Aires 1993}) 11... Bf7 12. g4 c4 13. Ng3 cxd3 14. cxd3 Qd7 15. Rf2 O-O-O 16. Bf1 Kb8 17. a3 {[#]} (17. Bd2 $15) 17... Rc8 (17... Na5 $1 $17 18. g5 Nb3) 18. b4 Ka8 19. Bd2 Rc7 20. Nf3 Rhc8 21. h4 Nb8 22. g5 Nec6 23. Ne1 (23. h5 $14) 23... Nd8 (23... a6 $11) 24. Qg4 (24. Nh5 $14) 24... Bf8 $11 25. Be2 Nbc6 26. Bd1 a6 27. Rb1 Na7 28. a4 Kb8 29. b5 axb5 30. axb5 {Strongly threatening b6.} b6 $1 ({Don't go for} 30... Nxb5 $2 31. Ba4 $18) 31. gxf6 gxf6 32. Nh5 Be7 33. Qg7 Bxh5 $1 34. Bxh5 Bc5 $2 (34... Nxb5 $11 {and Black stays safe.} 35. Qh8 Nb7 36. Qxh7 Qc6) 35. Qxd7 $2 (35. Qxf6 $18 Nxb5 36. Qxe5) 35... Rxd7 $14 36. Rg2 Nb7 37. Be8 $2 {[%mdl 8192]} (37. Bd1 $14 {stays ahead.}) 37... Re7 $2 (37... Rxe8 $19 38. Nc2 Nd6) 38. Bh5 $11 Na5 (38... Nd6 $11) 39. Nf3 $14 Rcc7 $2 {[%mdl 8192]} ({Black should try} 39... Rd7 $14) 40. Bxa5 $18 bxa5 41. b6 Bxb6 $2 (41... Rc6 42. bxa7+ Kxa7) 42. Rxb6+ {[%mdl 64] Double Attack} Rb7 43. Rxb7+ Kxb7 44. Rg8 a4 45. Kf2 a3 46. Rg1 Rc7 47. Ra1 Rc2+ 48. Ke1 a2 $2 (48... Nb5 49. Bf7 Kb6) 49. Bf7 Nb5 {intending ...Nc3.} 50. Rxa2 Rc1+ 51. Kf2 Nc3 52. Rb2+ Kc7 {Threatens to win with ...Nd1+.} 53. Be6 $4 {[%mdl 8192]} (53. Bb3 $18) 53... Kd6 $4 {[%mdl 8192]} (53... Nd1+ $19 {and all is fine.} 54. Ke2 Nxb2) 54. Kg3 Rf1 55. Nh2 Rg1+ 56. Kh3 Nd1 57. Ng4 $4 {[%mdl 8192]} (57. Ra2 $18) 57... Nxb2 $19 {Black keeps a firm grip on the game.} 58. Nxf6 Nxd3 {[%mdl 4096] Endgame KRN-KBN} 59. Ne8+ Ke7 60. Nc7 Nf4+ 61. Kh2 Rg2+ 62. Kh1 d3 (62... Rc2 $142 63. Nd5+ Nxd5 64. Bxd5 d3 65. Bb3 Rc3 66. Ba4 {[#]} Rc4 $1 {[%mdl 576] Double Attack} 67. f6+ Kxf6 68. Be8 d2 69. Bh5 Rxe4 70. Kg2 Rxh4 71. Bd1 Re4 72. Bc2 Re1 73. Kg3 e4 74. Kf4 e3 75. Bb3 e2 76. Ke4 Rc1 77. Bc2 Rxc2 78. Kf3 e1=Q 79. Kf4 Qe5+ 80. Kg4 d1=Q+ 81. Kh4 Qdh5#) 63. Nd5+ Nxd5 64. exd5 {[#] KR-KB} d2 $1 {[%mdl 512] Black mates.} 65. f6+ Kxf6 66. Kxg2 d1=Q 67. Bg4 Qd2+ 68. Kg3 h6 69. Bf3 Qf4+ 70. Kg2 e4 71. d6 Qxf3+ 72. Kh2 e3 73. h5 Qf2+ 74. Kh1 {[%mdl 32768] Accuracy: White = 57%, Black = 53%. . Sensor Board Error (Ke4/e5)?} 1-0

[Event "Stay Safe Play From Home 236"]
[Site "Emanuel Lasker Arena"]
[Date "2020.06.18"]
[Round "6"]
[White "little champs"]
[Black "Position"]
[Result "0-1"]
[WhiteElo "2272"]
[BlackElo "2077"]
[Annotator "TA"]
[PlyCount "136"]
[EventDate "2020.06.18"]
[EventType "swiss (blitz)"]

{[%evp 9,135,0,0,0,0,0,0,0,0,-14,0,-8,-8,-14,-10,-14,-9,-18,-17,-37,14,0,0,-5,-11,-12,-22,-76,-18,-48,-39,-95,-47,-170,-30,-61,-52,-526,-539,-527,-235,-577,-72,-143,-120,-651,-625,-621,-603,-838,-833,-931,-915,-893,-803,-772,-741,-723,-723,-673,-667,-823,-820,-1258,-1180,-1239,-1090,-2198,-4168,-1495,-1045,-12832,-12832,-29976,-29977,-29976,-29977,-29978,-29979,-29977,-29979,-29980,-29982,-29984,-29985,-29985,-29985,-29984,-29985,-29990,-29991,-29991,-29992,-29993,-29990,-29992,-29989,-29991,-29990,-29991,-29992,-29992,-29991,-29991,-29992,-29994,-29993,-29993,-29994,-29994,-29995,-29996,-29997,-29997,-29997,-29997,-27999,-29998,-27999,-29998,-27999,-29998,-27999,-29998,-27999,-29998,-27999,-29999]} 1. d4 d5 2. e3 Nf6 3. Nf3 b6 4. Be2 Bb7 5. O-O e6 6. c4 {D04: Colle System.} Bd6 7. cxd5 exd5 8. Nc3 {The position is equal.} O-O 9. b3 a6 10. Bb2 {[#]} Re8 $146 ({Predecessor:} 10... Nbd7 11. Rc1 Ne4 12. g3 Ndf6 13. Nd2 Qd7 14. Ncxe4 Nxe4 15. Nxe4 dxe4 16. f4 exf3 17. Bxf3 Bxf3 18. Qxf3 {1-0 (40) Yu,J (2296)-Yanovsky,V (2135) Irving 2019}) 11. Rb1 Nbd7 12. Rc1 Qe7 13. h3 Ne4 14. Nxe4 Qxe4 (14... dxe4 $15 15. Nd2 b5) 15. Nd2 Qg6 16. Bh5 Qh6 17. Bg4 Nf6 18. Bf3 (18. Bf5 $1 $11 {remains equal.}) 18... Ne4 ({Better is} 18... Bc8 $17 19. Re1 Qg5) 19. Nxe4 dxe4 20. Be2 (20. Bg4 $15) 20... Rad8 21. Qc2 {[#]} (21. Bh5 $15) 21... Qe6 (21... Bc8 $1 $19 {aiming for ...Bxh3!} 22. Bd1 {[#]} Bxh3 $1 {[%mdl 512]}) 22. Qc4 Bd5 23. Qxa6 $2 {[%mdl 8192]} (23. Qc2 $15) 23... Ra8 $19 24. Qb5 {intending Bc4.} Rxa2 $40 {[%mdl 128] White is in trouble.} (24... c6 $142 25. Bg4 cxb5 26. Bxe6 fxe6) 25. Bc3 $2 (25. Bc4 Bxc4 26. bxc4) 25... Bxb3 $2 (25... c6 $19 26. Qxb6 Rb8) 26. Rb1 ({White should play} 26. Bg4 f5 27. Bxf5) 26... Bd5 $17 {Threatens to win with ...c6.} 27. Bb4 $2 {[%mdl 8192]} (27. Bg4 $17 f5 28. Bxf5) 27... c6 $19 28. Qxb6 Rb8 29. Bxd6 Rxb6 30. Rxb6 Qxd6 31. Rfb1 h6 32. Bf1 Qf6 33. R6b2 Rxb2 34. Rxb2 Kh7 35. Rc2 Qd6 36. Be2 Qb4 37. Bf1 Qe1 38. Re2 Qd1 39. f3 {[#]} Bc4 $1 40. Rf2 exf3 41. gxf3 Bxf1 {Black mates.} 42. Rxf1 {[%mdl 4096] Endgame KQ-KR} Qd2 43. e4 Qxd4+ 44. Kg2 c5 45. Rf2 c4 46. Kg3 c3 47. Kg2 {[#]} Qxf2+ $1 {[%mdl 64] Promotion} 48. Kxf2 {KP-KP} c2 49. Kg3 c1=Q 50. h4 {[#]} Qe3 $1 51. Kg4 f6 52. h5 Qg5+ 53. Kh3 Qxh5+ 54. Kg3 Qg5+ 55. Kf2 {[#]} Qf4 $1 56. Ke2 h5 57. Kf2 h4 58. Ke2 h3 59. Kd3 h2 60. Kd4 h1=Q 61. Kd5 Qhxf3 62. Ke6 Q3xe4+ 63. Kf7 Qg5 64. Kf8 Qb4+ 65. Kf7 Qgc5 {[%csl Gb4][%cal Rc5e7]} 66. Ke6 Qbb6+ 67. Kf7 Qcc7+ 68. Ke8 Qbb8# {Accuracy: White = 42%, Black = 60%.} 0-1

[Event "Stay Safe Play From Home 236"]
[Site "Emanuel Lasker Arena"]
[Date "2020.06.18"]
[Round "6"]
[White "Souchov"]
[Black "Lazieri3"]
[Result "0-1"]
[WhiteElo "1840"]
[BlackElo "2108"]
[Annotator "TA"]
[PlyCount "112"]
[EventDate "2020.06.18"]
[EventType "swiss (blitz)"]

{[%evp 12,112,39,38,50,18,20,16,27,20,22,12,14,14,14,12,12,0,7,6,12,-16,-22,-23,-24,-56,-57,-109,-32,-29,-37,-25,-24,-31,-9,-12,0,-1,0,0,0,-6,0,0,0,0,0,0,0,0,0,0,0,-77,-77,-77,-52,-44,-11,-18,0,-9,0,0,0,0,0,0,0,-122,-95,-29955,-29959,-29961,-29965,-29970,-29971,-29973,-29971,-29976,-29977,-29976,-29978,-29977,-29979,-29979,-29980,-29988,-29989,-29990,-29991,-29991,-29983,-29983,-29984,-29984,-29984,-29984,-29984,-29984,-30,-29990,-29991]} 1. e4 c6 2. d4 d5 3. Nd2 dxe4 4. Nxe4 Nd7 5. Nf3 Ngf6 6. Nxf6+ Nxf6 7. c3 Bf5 {B17: Caro-Kann: Modern Line (4...Nd7).} 8. Bd3 (8. Ne5 {keeps more tension.} Nd5 9. g4 Be6 10. Bg2 g6 11. O-O) 8... Bxd3 9. Qxd3 e6 {The position is equal.} 10. Bf4 {[#]} h6 $146 ({Predecessor:} 10... Bd6 11. Bxd6 Qxd6 12. O-O O-O 13. Ne5 Nd7 14. Nxd7 Qxd7 15. Qf3 Qd5 {½-½ (15) Vladimirov,Y (2525)-Rashkovsky,N (2470) Tashkent 1987}) 11. O-O Bd6 12. Bxd6 Qxd6 13. Ne5 O-O 14. Rfe1 Rad8 15. Rad1 Nd7 16. Nxd7 Rxd7 17. Re5 Rfd8 {aiming for ...Qxe5!} 18. Rde1 c5 19. R5e4 ({White should play} 19. d5 $15) 19... cxd4 ({Better is} 19... Qb6 $17 20. Qc2 cxd4 21. cxd4 Rxd4 22. Rxd4 Qxd4) 20. Rxd4 $15 Qc6 21. Rxd7 Rxd7 {[%mdl 4096] Endgame KQR-KQR} 22. Qe2 a6 23. Rd1 Rxd1+ (23... Qe4 {feels hotter.} 24. Qf1 Rxd1 25. Qxd1 g5 26. a4 g4) 24. Qxd1 $11 {KQ-KQ} Qb6 25. Qd2 Qc6 26. g3 Qc4 27. a3 Qb3 28. h3 g6 29. Kh2 h5 30. Kg2 Kg7 31. Qd4+ Kf8 32. Qb4+ (32. c4 $11 {keeps the balance.}) 32... Qxb4 $17 33. axb4 {KP-KP} Ke7 34. Kf3 Kd6 35. Ke4 g5 36. h4 gxh4 37. gxh4 f6 38. c4 Kc6 39. f4 Kd6 40. Kd4 {[#]} (40. b3 $1 $11 {was the only way to keep the balance.}) 40... e5+ $1 {Black continues to play with concentration.} 41. fxe5+ $2 {[%mdl 8192]} (41. Ke4 $17 Ke6 42. f5+ Kd6 43. Kd3) 41... fxe5+ 42. Ke4 Ke6 43. c5 Kf6 44. Kd5 Kf5 45. Kd6 e4 46. Kc7 e3 47. Kxb7 e2 48. c6 e1=Q {[%mdl 64] [#] Double Attack} 49. c7 Qxb4+ {[%mdl 64] Double Attack} 50. Ka7 Qc5+ 51. Kb7 a5 52. c8=Q+ Qxc8+ 53. Kxc8 Kg4 54. Kb7 a4 55. Ka6 a3 $2 (55... Kxh4 {mates} 56. Kb5 Kg5 57. Kxa4 h4 58. b4 Kf5 59. b5 h3 60. Kb3 h2 61. Kc3 h1=Q 62. Kc4 Qg1 63. Kb3 Ke4 64. Kc3 Qc5+ 65. Kd2 Qxb5 66. Kc2 Qb4 67. Kd1 Qb2 68. Ke1 Ke3 69. Kf1 Qf2#) 56. Ka5 $2 {[%mdl 8192]} (56. bxa3 $11 Kxh4 57. a4) 56... axb2 {Accuracy: White = 69%, Black = 88%.} 0-1

[Event "Stay Safe Play From Home 236"]
[Site "Emanuel Lasker Arena"]
[Date "2020.06.18"]
[Round "6"]
[White "Tartak"]
[Black "Klasman"]
[Result "1-0"]
[WhiteElo "1715"]
[BlackElo "1260"]
[Annotator "NA RC"]
[PlyCount "41"]
[EventDate "2020.06.18"]
[EventType "swiss (blitz)"]

1. e4 {[%emt 0:00:01]} f5 {[%emt 0:00:01]} 2. exf5 {[%emt 0:00:01]} Nf6 {[%emt 0:00:01]} 3. Nf3 {[%emt 0:00:00]} d5 {[%emt 0:00:01]} 4. d4 {[%emt 0:00:01]} Bxf5 {[%emt 0:00:01]} 5. Bd3 {[%emt 0:00:00]} Bg4 {[%emt 0:00:03]} 6. Nc3 {[%emt 0:00:01]} Nc6 {[%emt 0:00:02]} 7. Be3 {[%emt 0:00:01]} Bxf3 {[%emt 0:00:05]} 8. Qxf3 {[%emt 0:00:02]} e6 {[%emt 0:00:08]} 9. O-O-O {[%emt 0:00:02]} Be7 {[%emt 0:00:02]} 10. g4 {[%emt 0:00:02]} h6 {[%emt 0:00:02]} 11. g5 {[%emt 0:00:01]} hxg5 {[%emt 0:00:02]} 12. Bg6+ {[%emt 0:00:01]} Kf8 {[%emt 0:00:03]} 13. Bxg5 {[%emt 0:00:00]} Qd6 {[%emt 0:00:06]} 14. Rde1 {[%emt 0:00:01]} Nxd4 {[%emt 0:00:02]} 15. Qg2 {[%emt 0:00:05]} Nf5 {[%emt 0:00:04]} 16. Bxf5 {[%emt 0:00:06]} exf5 {[%emt 0:00:01]} 17. Rxe7 {[%emt 0:00:01]} Qxe7 {[%emt 0:00:02]} 18. Bxf6 {[%emt 0:00:01]} Qxf6 {[%emt 0:00:07]} 19. Nxd5 {[%emt 0:00:01]} Qh6+ {[%emt 0:00:02]} 20. Kb1 {[%emt 0:00:01]} Rd8 {[%emt 0:00:03]} 21. Re1 {[%emt 0:00:02] Time (Lag: Av=0.84s, max=6.3s)} 1-0

[Event "Stay Safe Play From Home 236"]
[Site "Emanuel Lasker Arena"]
[Date "2020.06.18"]
[Round "6"]
[White "Trotsky"]
[Black "NeatFox"]
[Result "1-0"]
[WhiteElo "1485"]
[BlackElo "1770"]
[Annotator "NA RC"]
[PlyCount "29"]
[EventDate "2020.06.18"]
[EventType "swiss (blitz)"]

1. d4 {[%emt 0:00:01]} d5 {[%emt 0:00:01]} 2. e3 {[%emt 0:00:00]} e6 {[%emt 0:00:00]} 3. c4 {[%emt 0:00:01]} Nf6 {[%emt 0:00:00]} 4. Nc3 {[%emt 0:00:01]} dxc4 {[%emt 0:00:01]} 5. Bxc4 {[%emt 0:00:01]} g6 {[%emt 0:00:00]} 6. Qc2 {[%emt 0:00:01]} Bg7 {[%emt 0:00:00]} 7. Nf3 {[%emt 0:00:01]} O-O {[%emt 0:00:00]} 8. Bd3 {[%emt 0:00:01]} c6 {[%emt 0:00:00]} 9. Ng5 {[%emt 0:00:01]} Nbd7 {[%emt 0:00:00]} 10. h4 {[%emt 0:00:01]} e5 {[%emt 0:00:01]} 11. h5 {[%emt 0:00:01]} exd4 {[%emt 0:00:01]} 12. hxg6 {[%emt 0:00:01]} fxg6 {[%emt 0:00:01]} 13. Bxg6 {[%emt 0:00:01]} hxg6 {[%emt 0:00:02]} 14. Qxg6 {[%emt 0:00:01]} Nh5 {[%emt 0:00:12]} 15. Qh7# {[%emt 0:00:02] (Lag: Av=0.23s, max=0.3s)} 1-0

[Event "Stay Safe Play From Home 236"]
[Site "Emanuel Lasker Arena"]
[Date "2020.06.18"]
[Round "6"]
[White "Shyamph1980"]
[Black "Aktürk"]
[Result "0-1"]
[WhiteElo "1474"]
[BlackElo "1476"]
[Annotator "NA RC"]
[PlyCount "50"]
[EventDate "2020.06.18"]
[EventType "swiss (blitz)"]

1. e4 {[%emt 0:00:01]} e6 {[%emt 0:00:00]} 2. Nf3 {[%emt 0:00:01]} Qf6 {[%emt 0:00:00]} 3. d4 {[%emt 0:00:01]} Qg6 {[%emt 0:00:00]} 4. Nc3 {[%emt 0:00:03]} Bb4 {[%emt 0:00:03]} 5. Qe2 {[%emt 0:00:05]} Bxc3+ {[%emt 0:00:00]} 6. bxc3 {[%emt 0:00:01]} b6 {[%emt 0:00:01]} 7. Bf4 {[%emt 0:00:02]} Bb7 {[%emt 0:00:01]} 8. Ne5 {[%emt 0:00:01]} Qf6 {[%emt 0:00:02]} 9. g3 {[%emt 0:00:05]} d6 {[%emt 0:00:02]} 10. Ng4 {[%emt 0:00:02]} Qg6 {[%emt 0:00:02]} 11. Bg2 {[%emt 0:00:01]} Qh5 {[%emt 0:00:04]} 12. h3 {[%emt 0:00:04]} Qa5 {[%emt 0:00:03]} 13. Bd2 {[%emt 0:00:03]} Qa6 {[%emt 0:00:04]} 14. O-O {[%emt 0:00:01]} Qxe2 {[%emt 0:00:01]} 15. Rfe1 {[%emt 0:00:01]} Qxd2 {[%emt 0:00:01]} 16. Rad1 {[%emt 0:00:03]} Qxc2 {[%emt 0:00:01]} 17. Rc1 {[%emt 0:00:02]} Qxa2 {[%emt 0:00:02]} 18. Ra1 {[%emt 0:00:02]} Qc4 {[%emt 0:00:01]} 19. Bf1 {[%emt 0:00:02]} Qb3 {[%emt 0:00:04]} 20. Rac1 {[%emt 0:00:01]} Qb2 {[%emt 0:00:02]} 21. Rb1 {[%emt 0:00:01]} Qxc3 {[%emt 0:00:01]} 22. Rbc1 {[%emt 0:00:01]} Qxd4 {[%emt 0:00:01]} 23. Rxc7 {[%emt 0:00:01]} Bxe4 {[%emt 0:00:04]} 24. Rc8+ {[%emt 0:00:02]} Kd7 {[%emt 0:00:01]} 25. Ne3 {[%emt 0:00:03]} Kxc8 {[%emt 0:00:02] Shyamph1980 resigns (Lag: Av=0.78s, max=6.4s)} 0-1

[Event "Stay Safe Play From Home 236"]
[Site "Emanuel Lasker Arena"]
[Date "2020.06.18"]
[Round "7"]
[White "BrainThinker22"]
[Black "Mepe_Nika"]
[Result "0-1"]
[WhiteElo "2300"]
[BlackElo "2338"]
[Annotator "NA RC"]
[PlyCount "98"]
[EventDate "2020.06.18"]
[EventType "swiss (blitz)"]

1. e4 {[%emt 0:00:01]} g6 {[%emt 0:00:01]} 2. Nc3 {[%emt 0:00:01]} Bg7 {[%emt 0:00:00]} 3. g3 {[%emt 0:00:00]} c5 {[%emt 0:00:01]} 4. Bg2 {[%emt 0:00:00]} Nc6 {[%emt 0:00:00]} 5. d3 {[%emt 0:00:00]} Rb8 {[%emt 0:00:00]} 6. Be3 {[%emt 0:00:00]} d6 {[%emt 0:00:00]} 7. Qd2 {[%emt 0:00:00]} b5 {[%emt 0:00:00]} 8. a3 {[%emt 0:00:01]} a5 {[%emt 0:00:01]} 9. Nge2 {[%emt 0:00:01]} b4 {[%emt 0:00:01]} 10. axb4 {[%emt 0:00:01]} axb4 {[%emt 0:00:00]} 11. Nd1 {[%emt 0:00:00]} e6 {[%emt 0:00:00]} 12. O-O {[%emt 0:00:01]} Nge7 {[%emt 0:00:00]} 13. f4 {[%emt 0:00:00]} O-O {[%emt 0:00:01]} 14. h3 {[%emt 0:00:00]} f5 {[%emt 0:00:01]} 15. e5 {[%emt 0:00:01]} h6 {[%emt 0:00:03]} 16. g4 {[%emt 0:00:02]} Kh7 {[%emt 0:00:02]} 17. Ng3 {[%emt 0:00:02]} dxe5 {[%emt 0:00:02]} 18. Bxc5 {[%emt 0:00:01]} exf4 {[%emt 0:00:01]} 19. Qxf4 {[%emt 0:00:01]} Bb7 {[%emt 0:00:01]} 20. Qf2 {[%emt 0:00:05]} Nd4 {[%emt 0:00:02]} 21. Bxb7 {[%emt 0:00:02]} Rxb7 {[%emt 0:00:00]} 22. Qg2 {[%emt 0:00:04]} Qd5 {[%emt 0:00:03]} 23. Qxd5 {[%emt 0:00:03]} exd5 {[%emt 0:00:00]} 24. c3 {[%emt 0:00:05]} Nc2 {[%emt 0:00:03]} 25. Rc1 {[%emt 0:00:02]} b3 {[%emt 0:00:01]} 26. Rf2 {[%emt 0:00:03]} fxg4 {[%emt 0:00:02]} 27. Rxf8 {[%emt 0:00:01]} Bxf8 {[%emt 0:00:00]} 28. hxg4 {[%emt 0:00:00]} Kg8 {[%emt 0:00:01]} 29. Ne2 {[%emt 0:00:02]} Nc6 {[%emt 0:00:01]} 30. Ne3 {[%emt 0:00:02]} Bxc5 {[%emt 0:00:02]} 31. d4 {[%emt 0:00:02]} Nxe3 {[%emt 0:00:01]} 32. dxc5 {[%emt 0:00:00]} Rf7 {[%emt 0:00:02]} 33. Ng3 {[%emt 0:00:03]} Nxg4 {[%emt 0:00:01]} 34. Rd1 {[%emt 0:00:01]} Rf2 {[%emt 0:00:01]} 35. Rxd5 {[%emt 0:00:01]} Rxb2 {[%emt 0:00:00]} 36. Rd6 {[%emt 0:00:00]} Ne7 {[%emt 0:00:01]} 37. Rd7 {[%emt 0:00:01]} Kf7 {[%emt 0:00:01]} 38. c6 {[%emt 0:00:00]} Rc2 {[%emt 0:00:01]} 39. c7 {[%emt 0:00:01]} Rxc3 {[%emt 0:00:00]} 40. Rd4 {[%emt 0:00:00]} Rxg3+ {[%emt 0:00:01]} 41. Kf1 {[%emt 0:00:01]} Rc3 {[%emt 0:00:00]} 42. Rb4 {[%emt 0:00:02]} Rxc7 {[%emt 0:00:01]} 43. Rxb3 {[%emt 0:00:01]} Nf5 {[%emt 0:00:01]} 44. Ke2 {[%emt 0:00:00]} Nge3 {[%emt 0:00:00]} 45. Kd3 {[%emt 0:00:01]} Rd7+ {[%emt 0:00:01]} 46. Kc3 {[%emt 0:00:02]} h5 {[%emt 0:00:01]} 47. Rb8 {[%emt 0:00:00]} h4 {[%emt 0:00:01]} 48. Kb2 {[%emt 0:00:00]} Nc4+ {[%emt 0:00:03]} 49. Kc3 {[%emt 0:00:01]} Ne5 {[%emt 0:00:00] Time (Lag: Av=0.44s, max=0.8s)} 0-1

[Event "Stay Safe Play From Home 236"]
[Site "Emanuel Lasker Arena"]
[Date "2020.06.18"]
[Round "7"]
[White "SoulofWolf"]
[Black "Greblha"]
[Result "0-1"]
[WhiteElo "2166"]
[BlackElo "1944"]
[Annotator "TA"]
[PlyCount "108"]
[EventDate "2020.06.18"]
[EventType "swiss (blitz)"]

{[%evp 10,107,43,0,2,0,0,0,0,-4,-2,-5,-3,-15,-9,-17,8,0,0,0,5,-460,-456,-1316,-1312,-1307,-1307,-1447,-1364,-1381,-1337,-1421,-1420,-1678,0,-1487,0,-1477,-1357,-1635,-1622,-1502,-1372,-1560,-1558,-1612,-1470,-1736,-1722,-1716,-1680,-1679,-1648,-1572,-1544,-1764,-1516,-1783,-1640,-2104,-1054,-1042,-1019,-1026,-1066,-1445,-1026,-1023,-950,-29988,-29985,-29985,-29983,-29985,-29986,-29993,-29993,-29994,-29994,-29994,-29993,-29995,-29994,-29994,-29995,-29996,-29997,-29997,-29992,-29992,-29993,-29995,-29996,-29996,-29993,-29998,-29998,-29998,-29999,-29999]} 1. d4 c6 2. e4 d5 3. Nd2 dxe4 4. Nxe4 Nf6 5. Ng3 Bg4 6. Be2 (6. Qd2 {is interesting.} h5 7. h3 Be6 8. Nf3 g6 9. Bd3) 6... Bxe2 {B15: Caro-Kann: 3 Nc3: 3...g6 and 3...dxe4 4 Nxe4 Nf6 5 Nxf6+ exf6.} 7. N1xe2 e6 8. O-O Be7 {The position is equal.} 9. c3 O-O 10. Bg5 Nbd7 {[#]} 11. Qd2 $146 ({Predecessor:} 11. Qc2 Qb6 12. Rfe1 Rfc8 13. h3 Nd5 14. Bxe7 Nxe7 15. Ne4 c5 {Mueller,D (800)-Eisenstein,M (1350) LSS email 2011}) 11... Re8 12. Rfe1 Nf8 13. h3 Ng6 14. Rad1 Nd5 15. b4 $2 {[%mdl 8192]} (15. Bxe7 $11 {and White has nothing to worry.} Ndxe7 16. Nf4) 15... Bxg5 $19 16. Qxg5 (16. Qc2 $142) 16... Qxg5 17. Ne4 Qd8 18. f3 Nf6 19. Nf2 Qc7 20. Nc1 Nf4 21. Re4 Ng6 $2 (21... Nxe4 $19 22. fxe4 a5) 22. Re2 $2 {[%mdl 8192]} (22. Ree1 $11 a5 23. a3) 22... Nf4 $2 (22... Nd5 $19 23. Rde1 Nxc3) 23. Red2 $2 {[%mdl 8192]} (23. Re4 $11 Nxe4 24. fxe4) 23... N6h5 24. Ne4 f5 25. Nc5 b6 26. N5b3 a5 27. a3 Ng3 28. Kh2 Nfh5 {( -> ...Ne2+)} 29. Kg1 axb4 30. axb4 Ra3 31. Re1 Re7 32. Rc2 Qd6 33. Nd2 Nf4 34. Nc4 Qd5 35. Nxa3 Ra7 36. Nb1 Ra1 37. Nd2 Nfe2+ 38. Kf2 Rxc1 39. Rb2 Rxe1 {Black mates.} 40. Kxe1 Nxc3 41. Rc2 Qxd4 {[%cal Rd4e3]} 42. Nf1 Qd1+ {[%mdl 64] [#] Double Attack} 43. Kf2 Qxc2+ 44. Kxg3 Nd5 45. Kh2 Qe2 46. Ng3 Qe1 47. f4 Nxf4 48. Nh5 {[#]} Qf2 $1 {[%csl Gf4][%cal Rf2g2]} 49. Nxf4 Qxf4+ {[%mdl 64] Double Attack} 50. g3 Qf2+ 51. Kh1 f4 52. h4 Qxg3 53. b5 f3 {[%csl Gf3][%cal Rg3g2]} 54. h5 Qg2# {Accuracy: White = 61%, Black = 90%.} 0-1